000 00752pam a2200229 a 4500
001 4031845
005 20180829044837.0
008 980402s1998 maua b 001 0 eng
010 _a 98004120
020 _a0805360549
040 _aDLC
_cDLC
_dDLC
041 _aeng
080 _a005.74
082 0 0 _a005.74
_221
100 1 _aMcFadden, Fred R.,
101 _aSHK
245 1 0 _aModern database management /
_cFred R. McFadden, Jeffrey A. Hoffer, Mary B. Prescott.
504 _aIncludes bibliographical references and index.
906 _a7
_bcbc
_corignew
_d1
_eocip
_f19
_gy-gencatlg
942 _2ddc
_cBK
999 _c47399
_d47399